Представление документа в формате MARC21

Поле Инд. ПП Название Значение
Тип записи a
Библиографический уровень m
001 Контрольный номер 1c49f7b0c77b4cd1a67b2dca0e07ee23
005 Дата корректировки 20240628105052.5
084 a Индекс другой классификации/Индекс ББК 88
097 b Оператор Максимова
245 10 a Заглавие Вестник Московского университета. Серия 14. Психология
n Номер части/ раздела 1
260 c Дата издания 2024
900 a Имя макрообъекта 0000003818401
901 t Тип документа s